Základné kroky metodiky tvorby marketingovej stratégie
Komplexný prístup k marketingovej stratégii podnikov. Základné kroky metodiky tvorby marketingovej stratégie. Charakteristika 6 základných krokov.
Guardado en:
| Autor principal: | |
|---|---|
| Formato: | Capítulo de libro |
| Lenguaje: | eslovaco |
| Materias: | |
| Etiquetas: |
Sin Etiquetas, Sea el primero en etiquetar este registro!
|
MARC
| LEADER | 00000naa$a2200000$$$4500 | ||
|---|---|---|---|
| 001 | 0021992 | ||
| 005 | 20221207121654.2 | ||
| 041 | 0 | |a slo | |
| 044 | |a SK | ||
| 245 | 1 | 0 | |a Základné kroky metodiky tvorby marketingovej stratégie |c Štefan Majtán |
| 520 | |a Komplexný prístup k marketingovej stratégii podnikov. Základné kroky metodiky tvorby marketingovej stratégie. Charakteristika 6 základných krokov. | ||
| 610 | 2 | 0 | |a stratégia marketingová |
| 610 | 2 | 0 | |a stratégia podniková |
| 610 | 2 | 0 | |a analýza swot |
| 610 | 2 | 0 | |a metodika |
| 100 | 1 | |a Majtán, Štefan | |